ХІІІ Міжнародний конгрес історичних наук і подорож по Україні 1970 (Запис № 315066)

МАРК-запис
000 -LEADER
fixed length control field 00736nam a22002537a 4500
001 - CONTROL NUMBER
control field 28696
003 - CONTROL NUMBER IDENTIFIER
control field UA-OsUOA
005 - DATE AND TIME OF LATEST TRANSACTION
control field 20210711122856.0
007 - PHYSICAL DESCRIPTION FIXED FIELD--GENERAL INFORMATION
fixed length control field ta
008 - FIXED-LENGTH DATA ELEMENTS--GENERAL INFORMATION
fixed length control field 20050421b un ||||| |||| 00| 0 ukr d
040 ## - CATALOGING SOURCE
Original cataloging agency UA-OsUOA
Language of cataloging ukr
Transcribing agency UA-OsUOA
Modifying agency UA-OsUOA
041 ## - LANGUAGE CODE
Language code of text/sound track or separate title ukr
044 ## - COUNTRY OF PUBLISHING/PRODUCING ENTITY CODE
MARC country code UA
080 ## - UNIVERSAL DECIMAL CLASSIFICATION NUMBER
Universal Decimal Classification number 94(477)152
090 ## - LOCALLY ASSIGNED LC-TYPE CALL NUMBER (OCLC); LOCAL CALL NUMBER (OCLC)
Classification number (OCLC) (R) ; Classification number, CALL (RLIN) (NR) 94(477)152
Local cutter number (OCLC) ; Book number/undivided call number, CALL (RLIN) В65
100 ## - MAIN ENTRY--PERSONAL NAME
Personal name Войценко О.
245 ## - TITLE STATEMENT
Title ХІІІ Міжнародний конгрес історичних наук і подорож по Україні 1970
Number of part/section of a work Ч. 8
260 ## - PUBLICATION, DISTRIBUTION, ETC. (IMPRINT)
Place of publication, distribution, etc Вінніпег
Name of publisher, distributor, etc УВАН
Date of publication, distribution, etc 1970
300 ## - PHYSICAL DESCRIPTION
Extent 39 с.
650 #7 - SUBJECT ADDED ENTRY--TOPICAL TERM
Source of heading or term UDC
942 ## - ADDED ENTRY ELEMENTS (KOHA)
Koha item type Книги
Source of classification or shelving scheme Universal Decimal Classification
955 ## - COPY-LEVEL INFORMATION (RLIN)
Classification number, CCAL (RLIN) інше
Фонди
Withdrawn status Lost status Source of classification or shelving scheme Damaged status Not for loan Collection code Home library Current library Date acquired Source of acquisition Cost, normal purchase price Inventory number Total Checkouts Full call number Barcode Date last seen Price effective from Koha item type
    Universal Decimal Classification     Колекція Української вільної академії наук у Канаді Наукова бібліотека ІДУД Наукова бібліотека ІДУД 01/12/2006 3/2006 1.00 2126204   94(477).152 В65 2126204 15/09/2019 01/12/2006 Періодичні видання